000 03250nam0a2200481 4500
001 RU\NLR\BIBL_A\012682976
005 20250624113954.0
010 _a978-1-6446954-6-3
_bAcademic Studies Press
010 _a978-5-6044709-9-2
_bБиблиоРоссика
_9500
021 _aRU
_b2021-62663
_9КН-П-4915
035 _a(RuMoRGB)010801327
035 _a(NLR Aleph) 012682976
090 _a12821510
_c12821510
100 _a20220113d2021 |||y0rusy50 ca
101 1 _arus
_ceng
102 _aRU
_aUS
105 _ay z 001zy
181 0 _ai
_baxxe
182 1 _an
200 1 _aДопеть до победы! Роль песни в советском обществе во время Второй мировой войны
_fСюзанн Амент
_gперевод с английского Ирины Климовицкой
203 _aТекст
_bвизуальный
_cнепосредственный
210 _aБостон
_cAcademic Studies Press
_aСанкт-Петербург
_cБиблиоРоссика
_d2021
215 _a414 с.
_d22
225 1 _aСовременная западная русистика
_dContemporary Western Rusistika
_zeng
300 _aЗагл. корешка: Допеть до победы!
300 _aПер. изд.: Sing to victory! Song in Soviet society during World War II / Suzanne Ament. - Boston: Academic Studies Press, 2018
320 _aБиблиогр.: с. 386-403
320 _aУказ. имен: с. 404-411
330 _aКнига Сюзанн Амент посвящена отношению советского общества к песне и воздействию песни на общество во время Великой Отечественной войны. Автор увлекательно рассказывает о том, как создавались и распространялись песни военной поры, а также о том, как публика воспринимала их и изменяла, приспосабливая к собственным потребностям. Песни той эпохи составляют богатое культурное наследие, отражающее индивидуальный и коллективный опыт, который привел страну к победе
333 _a12+
454 0 _12001#$aSing to victory! Song in Soviet society during World War II$fSuzanne Ament
_1210##$aBoston$cAcademic Studies Press$d2018
_1700#1$aAment$bS.$gSuzanne
_tSing to victory! Song in Soviet society during World War II
_aAment, Suzanne
516 1 _aДопеть до победы!
517 1 _aРоль песни в советском обществе во время Второй мировой войны
606 1 _aПесни русские советские
_z1941 - 1945
_91834068
_3RU\NLR\AUTH\66829592
606 1 _aПоэзия русская советская
_z1941 - 1945
_92038654
_3RU\NLR\AUTH\66939683
686 1 _aЩ313(2Р=Рус)7-44
686 2 _aШ5(2=Р)7-335
700 1 _aАмент
_bС.
_gСюзанн
942 _cBOOK
980 _aNB